000
00295nam a2200145Ia 4500
100
_a
Prasanna/ Chandra
250
_a
5
942
_c
BK
654
_a
projects
245
_a
Projects:Planning
260
_b
Tata Mc Graw hill
_c
2002
082
_a
5.74
_b
PRA
300
_a
745
546
_a
ENGLISH
999
_c
21963
_d
21963